|
|
|
|
| LEADER |
00000nas a22000001a 4500 |
| 001 |
vtls010302564 |
| 003 |
SK-MaSNL |
| 005 |
20260228163137.0 |
| 008 |
110810d19531955xo mr p r 0 b0slo |
| 015 |
|
|
|a SNBDS17XX9999
|
| 015 |
|
|
|a 1887
|2 Balúnová 1945-60
|
| 038 |
|
|
|a SNKBUDS
|
| 040 |
|
|
|a SNK
|b slo
|c SNK
|e AACR2
|
| 041 |
0 |
|
|a slo
|
| 044 |
|
|
|a xo
|c SK
|
| 080 |
|
|
|a 338.46
|2 2001
|
| 080 |
|
|
|a 070.489
|2 2001
|
| 245 |
0 |
0 |
|a Za cieľom
|b časopis zamestnancov Krajského výkupného podniku, n.p. Nitra
|
| 260 |
|
|
|a Nitra
|b Krajský výkupný podnik v Nitre
|c 1953-1955
|
| 300 |
|
|
|a 3 roč.
|c 30 x 21 cm
|
| 310 |
|
|
|a 1x mesačne
|
| 362 |
0 |
|
|a Roč. I, č. 1 (nov. 1953)-roč. III, č. 3 (5.3.1955)
|
| 500 |
|
|
|a Vych. v Nitre mesačne
|
| 500 |
|
|
|a Red. red. krúžok. Zodp. red. Marcel Severín, od 3/III (5. marca 1955) Milan Štefunko
|
| 500 |
|
|
|a Vyd. Krajský výkupný podnik v Nitre
|
| 500 |
|
|
|a Tlač. Nitrianske tlačiarne, n. p. v Nitre
|
| 500 |
|
|
|a Vych. od nov. 1953. Posl. č. 3/III z 5. marca 1955. Pov. PK č. 9-3544/53.
|
| 505 |
8 |
0 |
|g Roč. I. 1953 2 č. po 8 s.
|
| 505 |
8 |
0 |
|g Roč. II. 1954 12 č. po 8 s.
|
| 505 |
8 |
0 |
|g Roč. III. 1955 3 č. po 8 s.
|
| 610 |
2 |
7 |
|a Krajský výkupný podnik (Nitra)
|x časopisy
|2 SNKBUDS
|9 273173
|
| 650 |
0 |
7 |
|a podniky miestneho hospodárstva
|2 SNKPH
|9 269144
|
| 655 |
|
7 |
|a podnikové časopisy
|2 SNKBUDS
|9 265225
|
| 700 |
1 |
|
|a Severín, Marcel
|4 pbd
|9 273174
|
| 700 |
1 |
|
|a Štefunko, Michal
|4 pbd
|9 273175
|
| 710 |
2 |
|
|a Krajský výkupný podnik (Nitra)
|e vydav.
|9 273176
|
| 710 |
2 |
|
|a Nitrianske tlačiarne, n.p. (Nitra, Slovensko)
|e tlač.
|9 268882
|
| 852 |
|
|
|a SNK
|b 10000
|h ČSB 963
|
| 852 |
|
|
|a UKB
|b 300000
|h SB 5464
|
| 852 |
|
|
|a SVKKK
|b 900000
|h C 420
|
| 852 |
|
|
|a UKB
|b 300000
|h 20 B 2846
|
| 999 |
|
|
|c 8934
|d 10864
|